| 000 | 00343nam a2200109Ia 4500 | ||
|---|---|---|---|
| 008 | 200302s9999 xx 000 0 und d | ||
| 100 | _aCouncil of Architecture | ||
| 245 | _aArchiving Architectural Thesis 14 Council of Architecture National Awards for Excellence in Architectural Thesis | ||
| 260 | _bCoa /Delhi | ||
| 260 | _c2015 | ||
| 300 | _a151 | ||
| 999 |
_c3799 _d3799 |
||